• 首页
  • 本馆介绍
  • 公告通知
  • 最新文献
  • 馆藏检索
  • 电子资源
  • 读者导购
  • 参考咨询
  • 我的图书馆
  • 登录
  • 详细信息显示
  • 放入我的书架
  • 预约/预借图书
  • 作者相关作品
  • 分类相关作品
  • 丛书相关作品
  • 出版社相关作品

书目信息

  • 表格格式
  • 工作单格式
  • 卡片格式
题名:
常见文言虚词例释
    
 
作者: 《常见文言虚词例解》编写组编
分册:  
出版信息: 上海   上海教育出版社  1978
页数: 184页
开本: 19cm
丛书名: 语文知识小丛书
单 册:
中图分类: H141 , H14
科图分类:
主题词: 古汉语虚词--释例
电子资源:
ISBN:
000 00667oam2 2200253 450
001 1555390803
005 20150120152339.25
010    @dCNY0.43
091    @a9150.28
100    @a19950717d1978 em y0chiy0110 ea
101 0  @achi
102    @aCN@b310000
105    @ay z 000yy
200 1  @a常见文言虚词例释@9chang jian wen yan xu ci li shi@f《常见文言虚词例解》编写组编
210    @a上海@c上海教育出版社@d1978
215    @a184页@d19cm
225 2  @a语文知识小丛书
461  0 @12001 @a语文知识小丛书
606 0  @a古汉语虚词@x释例
610 0  @a文言@a虚词
690    @aH141@v5
690    @aH14@v4
801  0 @aCN@bTSSF@c20150120
905    @aZUCC@dH14@eJY59
    
    常见文言虚词例释/《常见文言虚词例解》编写组编.-上海:上海教育出版社,1978
    184页;19cm.-(语文知识小丛书)
    
    
    ISBN :CNY0.43
    
●
相关链接 在E读中查询图书 在五车中查询图书 在当当中查询图书 在豆瓣中查询图书


正题名:常见文言虚词例释     索取号:H14/JY59         预约/预借

序号 登录号 条形码 馆藏地/架位号 状态 备注
1 7851046   278510461   学院路分馆/ [索取号:H14/JY59] 在馆    
唐山师范学院图书馆 欢迎您!
大连网信软件有限公司© 版权所有